Bond Villains - Sudden Death - Statistics

General Stats
  • This quiz has been taken 42 times
  • The average score is 11 of 20
Answers on the Grid
Answers color-coded by a green-red scale on the quiz's grid according to % correct below.
George Lazenby
Count Dooku
Ernst Stavro Blofeld
Raoul Silva
Elon Musk
Oswald Cobblepot
Hans Gruber
Eve Moneypenny
Brad Whitaker
Le Chiffre
Jaws
Nicolae Ceaușescu
Anton Chigurh
Sir Hugo Drax
Oddjob
Dr. Julius No
Rosa Klebb
Gustav Graves
Freddy Krueger
Max Denbigh
Dominic Greene
Max Cady
Francisco Scaramanga
Elliot Carver
Angel Eyes
Norman Bates
Emmanuel Goldstein
Lieutenant-Colonel Hans Landa
Lyutsifer Safin
Alec Trevelyan
Count Orlok
Max Zorin
Dr. Kananga
Boris Johnson
Emilio Largo
Auric Goldfinger
 
Answer Stats
Answer % Correct
Ernst Stavro Blofeld
81%
Dr. Julius No
77%
Auric Goldfinger
74%
Le Chiffre
74%
Oddjob
74%
Dr. Kananga
65%
Francisco Scaramanga
65%
Jaws
65%
Rosa Klebb
58%
Sir Hugo Drax
58%
Dominic Greene
55%
Max Zorin
55%
Raoul Silva
55%
Alec Trevelyan
52%
Emilio Largo
52%
Lyutsifer Safin
48%
Elliot Carver
39%
Gustav Graves
39%
Brad Whitaker
35%
Max Denbigh
26%
No matching quizzes found
Score Distribution
Percent of People with Each Score
Percentile by Number Answered
Your Score History
You have not taken this quiz